A Landmann Hungária Kft. raktározási problémáinak feltárása és fejlesztése informatikai rendszer bevezetésével

Bibliographic Details
Main Author: Gyovai Ákos
Other Authors: Rádi György
Format: Thesis
Kulcsszavak:Raktározás
Vonalkód
Informatikai rendszerek
Online Access:http://dolgozattar.uni-bge.hu/11617

MARC

LEADER 00000nta a2200000 i 4500
001 dolg11617
005 20170516150437.0
008 170516suuuu hu om 000 hun d
040 |a BGE Dolgozattár Repozitórium  |b hun 
041 |a hu 
100 1 |a Gyovai Ákos 
245 1 2 |a A Landmann Hungária Kft. raktározási problémáinak feltárása és fejlesztése informatikai rendszer bevezetésével  |c Gyovai Ákos  |h [elektronikus dokumentum] 
246 1 1 |a A Landmann Hungária Kft. raktározási problémáinak feltárása és fejlesztése informatikai rendszer bevezetésével 
246 1 1 |a Exploring for warehouse management problems and developing with IT technologies at Landmann Hungária Kft. 
695 |a Raktározás 
695 |a Vonalkód 
695 |a  Informatikai rendszerek 
700 1 |a Rádi György  |e ths 
856 4 0 |u http://dolgozattar.uni-bge.hu/11617/1/SZAKDOGA1%282%29.pdf  |z Dokumentum-elérés 
856 4 0 |u http://dolgozattar.uni-bge.hu/11617/2/Nyilatkozat%20saj%C3%A1t%20munk%C3%A1r%C3%B3l.pdf  |z Dokumentum-elérés